000 00568nam a2200181 4500
001 109476
003 ES-MaACL
005 20230906184841.0
007 t|
008 061121s1960 sp r ||||1| eng d
100 1 _aMitchell, R. E.
_981684
245 1 2 _aA husband for breakfast. A singer in a cellar /
_cby R. E. Mitchell; Texto bilingüe. Traducido del inglés por B. García Monte.
260 _aMadrid :
_bAlhambra,
_c1960.
300 _a95 p. ;
_c17 cm.
700 1 _aGarcía Monte, B.
_954973
852 _aES-MaACL
_jC-19521
_bR.46260
999 _c109476
_d109476